Expert systems principles and programming

Zapisane w:
Opis bibliograficzny
1. autor: Giarratano, Joseph C.
Format: Książka
Język:Undetermined
Wydane: Australia Thomson Course Technology 2005
Hasła przedmiotowe:
Etykiety: Dodaj etykietę
Nie ma etykietki, Dołącz pierwszą etykiete!
Thư viện lưu trữ: Trung tâm Học liệu Trường Đại học Cần Thơ
LEADER 00597nam a2200193Ia 4500
001 CTU_212931
008 210402s9999 xx 000 0 und d
082 |a 006.3 
082 |b G435 
100 |a Giarratano, Joseph C. 
245 0 |a Expert systems principles and programming 
245 0 |c Joseph C. Giarratano, Gary Riley 
260 |a Australia 
260 |b Thomson Course Technology 
260 |c 2005 
650 |a Expert systems (computer science) 
904 |i Qhieu 
910 |a Sách đi kèm theo đĩa số: AV.001991 
980 |a Trung tâm Học liệu Trường Đại học Cần Thơ